Curriculum construction and development / (Record no. 42761)

MARC details
000 -LEADER
fixed length control field 00782nam a22002177a 4500
005 - DATE AND TIME OF LATEST TRANSACTION
control field 20100820153526.0
010 ## - LCCN (DPL NO)
LC control number ENG-101055
020 ## - INTERNATIONAL STANDARD BOOK NUMBER
Terms of availability 150.00
International Standard Book Number 8190791346
020 ## - INTERNATIONAL STANDARD BOOK NUMBER
Terms of availability 150.00
International Standard Book Number 9788190791342
035 ## - SYSTEM CONTROL NUMBER
System control number EN-84588
037 ## - SOURCE OF ACQUISITION
Source of stock number/acquisition DBAD/PUB
082 ## - DEWEY DECIMAL CLASSIFICATION NUMBER
Classification number 373.19
100 ## - MAIN ENTRY--PERSONAL NAME
Personal name Chellam. C
245 ## - TITLE STATEMENT
Title Curriculum construction and development /
Statement of responsibility, etc by Chellam. C
260 ## - PUBLICATION, DISTRIBUTION, ETC. (IMPRINT)
Place of publication, distribution, etc Chinnalapatti
Name of publisher, distributor, etc Mohana Balan Publishers
Date of publication, distribution, etc 2009
270 ## - ADDRESS
Address 18.10-1,North St,
City Chinnalapatti
Postal code 624301
300 ## - PHYSICAL DESCRIPTION
Extent 129p.
Dimensions 20cm (pbk)
500 ## - GENERAL NOTE
General note includes bibliographical references and index
942 ## - ADDED ENTRY ELEMENTS (KOHA)
Source of classification or shelving scheme Dewey Decimal Classification
Item type English Books
Classification part 373.19
Call number suffix CHE
Holdings
Withdrawn status Lost status Not for loan Collection code Home library Current library Date acquired Source of acquisition Cost, normal purchase price Full call number Barcode Copy number Cost, replacement price Koha item type
    Not For Loan Non-fiction D.B.Act.Division D.B.Act.Division 20/08/2010 DBAD/PUB 150.00 373.19 CHE EN-84588 1 150.00 English Books

© Delhi Public Library
Hit Counter
free hit counter